Score 0/30 Timer 06:00
1 Play Today
Description Answer % Correct
Country bordered entirely by South AfricaLesotho
80.7%
Country with three capitalsSouth Africa
78.7%
Highest mountainMount Kilimanjaro
75.9%
Longest riverNile River
75.2%
Coastal country between Eritrea and SomaliaDjibouti
73.6%
Great Lake on Kenya's western borderLake Victoria
71.6%
Country controlling ZanzibarTanzania
69.9%
River that runs through BamakoNiger River
58.6%
City home to the Great Pyramids and SphinxGiza
57.9%
Mountain range dominating northwest AfricaAtlas Mountains
55.4%
Largest subsaharan cityLagos
53.7%
Capital at confluence of Blue and White NilesKhartoum
53.4%
Largest landlocked country (by area)Chad
50.7%
Flat-topped mountain overlooking Cape TownTable Mountain
50%
Capital of NigeriaAbuja
47.5%
Description Answer % Correct
Desert covering southwest BotswanaKalahari Desert
47.5%
River containing Victoria FallsZambezi River
46.8%
Archipelago north of Western Sahara's shoresCanary Islands
43.3%
Manmade structure which created Lake NasserAswan High Dam
40.3%
Gulf off the coasts of Benin and CameroonGulf of Guinea
32.9%
Channel between Madagascar & MozambiqueMozambique Channel
27.9%
Country with the highest per capita GNI*Equatorial Guinea
25.8%
Body of water north of the Horn of AfricaGulf of Aden
25.7%
South African river forming border w/ NamibiaOrange River
25.3%
Natural border between Tanzania and the DRCLake Tanganyika
25.1%
Semiarid transition zone south of the SaharaThe Sahel
24%
Capital offshore from its mainland countryMalabo
23.8%
Spanish exclave cities of Ceuta and this oneMelilla
19.9%
Angolan exclave between the DRC & the Rep. of the CongoCabinda Province
16.3%
Large volcanic caldera in TanzaniaNgorongoro Crater
15.9%
Remove Ads.
Support Sporcle.
Get the best of Sporcle when you Go Orange. This ad-free experience offers more features, more stats, and more fun while also helping to support Sporcle. Thank you for becoming a member.

You're not logged in!

Compare scores with friends on all Sporcle quizzes.
OR
Log In

Show Comments

Extras

Top Quizzes Today


Score Distribution

Your Account Isn't Verified!

In order to create a playlist on Sporcle, you need to verify the email address you used during registration. Go to your Sporcle Settings to finish the process.

Report this User

Report this user for behavior that violates our Community Guidelines.

Details: